LEGAL EDUCATION RESEARCH METHODOLOGY AND LEGAL WRITING (Record no. 25769)

MARC details
000 -LEADER
fixed length control field 00352nam a22001457a 4500
003 - CONTROL NUMBER IDENTIFIER
control field SGT
020 ## - INTERNATIONAL STANDARD BOOK NUMBER
International Standard Book Number 9789395759953
082 ## - DEWEY DECIMAL CLASSIFICATION NUMBER
Classification number 340.072
Item number MYN
100 ## - MAIN ENTRY--PERSONAL NAME
Personal name MYNENI S.R
245 ## - TITLE STATEMENT
Title LEGAL EDUCATION RESEARCH METHODOLOGY AND LEGAL WRITING
250 ## - EDITION STATEMENT
Edition statement 9
260 ## - PUBLICATION, DISTRIBUTION, ETC. (IMPRINT)
Place of publication, distribution, etc FARIDABAD
Name of publisher, distributor, etc ALLAHABAD LAW AGENCY
Year of Publication 2024
300 ## - PAGE DESCRIPTION
No. of Pages 694
942 ## - ADDED ENTRY ELEMENTS (KOHA)
Source of classification or shelving scheme Dewey Decimal Classification
Koha item type Books
942 ## - ADDED ENTRY ELEMENTS (KOHA)
-- 30
Holdings
Withdrawn status Lost status Source of classification or shelving scheme Damaged status Not for loan Collection code Home library Current library Shelving location Date acquired Vendor Name Cost, normal purchase price SGTU Bill Number Full call number Accession No. (Barcode) Date last seen Bill Date Koha item type Total Checkouts Total Renewals Date last borrowed Checked out
    Dewey Decimal Classification   Not For Loan LAW SGT Science & Social Sciences Library SGT Science & Social Sciences Library Reference Book 27/02/2024 COMMERCIAL BOOK HOUSE 695.00 SGTU 2075 340.072 MYN FL3401 27/02/2024 06/02/2024 Books        
    Dewey Decimal Classification     LAW SGT Science & Social Sciences Library SGT Science & Social Sciences Library Text Book 27/02/2024 COMMERCIAL BOOK HOUSE 695.00 SGTU 2075 340.072 MYN FL3402 30/05/2026 06/02/2024 Books 8 1 09/05/2026  
    Dewey Decimal Classification     LAW SGT Science & Social Sciences Library SGT Science & Social Sciences Library Text Book 27/02/2024 COMMERCIAL BOOK HOUSE 695.00 SGTU 2075 340.072 MYN FL3403 01/05/2026 06/02/2024 Books 5   29/04/2026  
    Dewey Decimal Classification     LAW SGT Science & Social Sciences Library SGT Science & Social Sciences Library Text Book 27/02/2024 COMMERCIAL BOOK HOUSE 695.00 SGTU 2075 340.072 MYN FL3404 12/12/2025 06/02/2024 Books 5   04/11/2025  
    Dewey Decimal Classification     LAW SGT Science & Social Sciences Library SGT Science & Social Sciences Library Text Book 27/02/2024 COMMERCIAL BOOK HOUSE 695.00 SGTU 2075 340.072 MYN FL3405 30/12/2024 06/02/2024 Books 5   30/12/2024 13/01/2025
    Dewey Decimal Classification     LAW SGT Science & Social Sciences Library SGT Science & Social Sciences Library Text Book 27/02/2024 COMMERCIAL BOOK HOUSE 695.00 SGTU 2075 340.072 MYN FL3406 10/01/2025 06/02/2024 Books 6   07/01/2025  
    Dewey Decimal Classification     LAW SGT Science & Social Sciences Library SGT Science & Social Sciences Library Text Book 27/02/2024 COMMERCIAL BOOK HOUSE 695.00 SGTU 2075 340.072 MYN FL3407 20/01/2025 06/02/2024 Books 5   13/01/2025  
    Dewey Decimal Classification     LAW SGT Science & Social Sciences Library SGT Science & Social Sciences Library Text Book 27/02/2024 COMMERCIAL BOOK HOUSE 695.00 SGTU 2075 340.072 MYN FL3408 15/01/2025 06/02/2024 Books 5   30/12/2024